• 首页
  • 本馆介绍
  • 公告通知
  • 最新文献
  • 馆藏检索
  • 电子资源
  • 读者导购
  • 参考咨询
  • 我的图书馆
  • 登录
  • 详细信息显示
  • 放入我的书架
  • 预约/预借图书
  • 作者相关作品
  • 分类相关作品
  • 丛书相关作品
  • 出版社相关作品

书目信息

  • 表格格式
  • 工作单格式
  • 卡片格式
题名:
企业社会工作
    
 
作者: 周沛 主编
分册:  
出版信息: 上海   复旦大学出版社  2010.12
页数: 345页
开本: 23cm
丛书名: 复旦博学·社会工作系列
单 册:
中图分类: F270-05
科图分类:
主题词: 企业--社会工作 , 企业 , 社会工作
电子资源:
ISBN: 978-7-309-07718-6
000 00944oam2 2200289 450
001 010010074716
005 20120628153506.76
010    @a978-7-309-07718-6@dCNY35.00
100    @a20110303d2010 em y0chiy50 ea
101 0  @achi
102    @aCN@b310000
105    @ay z 000yy
106    @ar
200 1  @a企业社会工作@9qi ye she hui gong zuo@f周沛主编
210    @a上海@c复旦大学出版社@d2010.12
215    @a345页@d23cm
225 2  @a复旦博学·社会工作系列
300    @a北京大学-香港理工大学中国社会工作研究中心资助
330    @a本书主要内容包括:企业社会工作导论;企业社会工作历史与发展;企业社会工作与企业管理;企业社会工作与企业社会责任;企业社会工作主客体系统与行动机制等。
461  0 @12001 @a复旦博学·社会工作系列
606 0  @a企业@x社会工作
606 0  @a企业
606 0  @a社会工作
690    @aF270-05@v4
701  0 @a周沛@9zhou pei@4主编
801  0 @aCN@bRENTIAN@c20110303
905    @b541768-71@dF270-05@e943@f4
    
    企业社会工作/周沛主编.-上海:复旦大学出版社,2010.12
    345页;23cm.-(复旦博学·社会工作系列)
    北京大学-香港理工大学中国社会工作研究中心资助
    
    ISBN 978-7-309-07718-6:CNY35.00
    本书主要内容包括:企业社会工作导论;企业社会工作历史与发展;企业社会工作与企业管理;企业社会工作与企业社会责任;企业社会工作主客体系统与行动机制等。
●
相关链接 在E读中查询图书 在五车中查询图书 在当当中查询图书 在豆瓣中查询图书


正题名:企业社会工作     索取号:F270-05/943         预约/预借

序号 登录号 条形码 馆藏地/架位号 状态 备注
1 541768   205417681   第一样本阅览室/ [索取号:F270-05/943] 在馆    
2 541769   205417690   经管系资料室/ [索取号:F270-05/943] 在馆    
3 541770   205417707   第一借阅区/ [索取号:F270-05/943] 在馆    
4 541771   205417716   第一借阅区/ [索取号:F270-05/943] 在馆    
唐山师范学院图书馆 欢迎您!
大连网信软件有限公司© 版权所有